El teatro medieval y renacentista

Bewaard in:
Bibliografische gegevens
Hoofdauteur: Huerta Calvo, Javier
Formaat: Boek
Taal:Undetermined
Gepubliceerd in: Madrid, España Playor 1984
Onderwerpen:
Tags: Voeg label toe
Geen labels, Wees de eerste die dit record labelt!

MARC

LEADER 00000nam a2200000Ia 4500
008 170316s9999 xx 000 0 und d
040 |a cru BVZT 
090 |a 862 H-12t 
100 |a Huerta Calvo, Javier 
245 |a El teatro medieval y renacentista 
260 |a Madrid, España 
260 |b Playor 
260 |c 1984 
300 |a 166 páginas 
650 |a LITERATURA ESPAÑOLA 
999 |c 9971  |d 9971 
942 |c 15 D  |h 862 H-12t  |2 z